000 00707nam a22002057a 4500
005 20241028095812.0
008 241028b |||||||| |||| 00| 0 eng d
020 _a9789988328894
050 _aNA2543
_b.B84Ac8
100 _aKoranteng, Christian
245 _aActive Perception in Form Development
_b50 concepts, 100 Examples
_cChristian Koranteng, Barbara Simons, Edward Ayebeng Botchwey & Charles Essel
250 _a2nd Ed.
260 _aKumasi, Ghana
_bUniversity Press Kumasi
_c2021
300 _axxiii. 208pages
_bill. some color
_c22.5cm
650 _2Form Development
700 _aSimons, Barbara
700 _aBotchwey, Edward Ayebeng
700 _aEssel, Charles
942 _2lcc
_cBK
_e2nd Ed.
_n0
999 _c266
_d266